000
00325nam a22001337a 4500
008
250311b |||||||| |||| 00| 0 eng d
020
_a
9783527405916
050
_a
TA2030
_b
.A38
100
_a
Agostano R.D.
245
_a
Advanced Plasma Technology
260
_a
Weinheim
_b
Willey-VCH
_c
2008
300
_a
XXII,457
942
_c
BK
999
_c
2251
_d
2251